Famous in Love Cast - Statistics

General Stats
  • This quiz has been taken 3 times
  • The average score is 13 of 55
Answer Stats
character actor/ actress % Correct
Paige Townsen Bella Thorne
100%
Rainer Devon Carter Jenkins
100%
Jake Salt Charlie DePew
100%
Eva Alyssa Gabrielle Rodriguez
67%
Cassandra Perkins Georgie Flores
67%
Wyatt Jason Antoon
67%
Georgina Katelyn Tarver
67%
Jordan Wilder Keith Powers
67%
Barrett Hopper Nathan Stewart- Jarrett
67%
Tangey Tuner Pepi Sonuga
67%
Nina Devon Perrey Reeves
67%
Alan Mills Shawn Christian
67%
Brandy Tanjareen Thomas
67%
Adam Tom Maden
67%
Ida Turner Vanessa Williams
67%
Dakota Ana Mulvoy Ten
33%
Orly Teicher Aynsley Bubbico
33%
Xu YiFei Brianne Tju
33%
Arthur Jeffrey Doornbos
33%
Alexis Niki Kloss
33%
Tyler Abraham Lim
0%
Vince Alex Loynaz
0%
Adriana Allison Dunbar
0%
Professor Sandra Hawkins Bellina Logan
0%
Ben Higgins Ben Higgins
0%
Kathryn Carla Vila
0%
Maddy Catherine Toribio
0%
Charissa Thompson Charissa Thompson
0%
Miguel Damien Diaz
0%
Dennis Dan Martin
0%
Derek Dario Torres
0%
Dustin Dave Shalansky
0%
Tommy David DeSantos
0%
Don Oxley David Figlioli
0%
Brody Jason-Shane Scott
0%
Letti Devon Jennifer Rhodes
0%
Hu Lin Jennifer Say Gan
0%
Dan John Eric Bentley
0%
Mike Tanen Jos Viramontes
0%
Kateland Julie Mann
0%
Giselle Katherine Tokarz
0%
Kevin O'Hare Kenajuan Bentley
0%
Ken Chapman Kevin Daniels
0%
Christie Kristina Kane
0%
Zach Kurt Collins
0%
Lauren Bushnell Lauren Bushnell
0%
Austin Matt Mullins
0%
Kylie Melanie Rains
0%
Roberto Paul Sanchez
0%
Lenny Rushi Kota
0%
Max Sabin Rich
0%
Twitch Stephen Twitch Boss
0%
Lilianna Susanne Spoke
0%
Jennifer Victoria Grace
0%
Francine Vivian Bang
0%
No matching quizzes found
Score Distribution
Percent of People with Each Score
Percentile by Number Answered
Your Score History
You have not taken this quiz